000
00281nam a2200121Ia 4500
008
190216s9999||||xx |||||||||||||| ||und||
100
_a
Singhle
245
0
_a
Make Your Own Radio And Tranisistor
260
_b
New Heights
_c
1990
300
_a
204
650
_a
Physics
942
_c
BK
999
_c
33067
_d
33067